Statistiques concernant Pays du Moyen-Orient par les deux premières lettres

Cliquez ici pour prendre le quiz!

Statistiques générales

  • Ce quiz a été pris 679 fois
  • Le résultat moyen est 13 sur 17

Réponses sur la Carte

Les réponses sont colorées sur une échelle allant du rouge au vert en fonction du pourcentage des utilisateurs qui les ont devinées à leur premier essai. Vous pouvez retrouver ces pourcentages ci-dessous.
 

Statistiques - réponses

pays% Correct
Arabie Saoudite
96%
Irak
91%
Iran
91%
Yémen
88%
Israël
87%
Oman
86%
Jordanie
84%
Syrie
84%
Qatar
83%
Émirats arabes unis
79%
Liban
79%
Turquie
79%
Égypte
72%
Koweït
71%
Bahreïn
66%
Palestine
46%
Chypre
45%

Distribution des résultats

Percentile par nombre de réponses

% des personnes avec chaque résultat

Votre développement - résultats

Vous n’avez pas pris ce quiz